000 004670000a22001690004500
003 MACL
005 20151230142148.0
008 151230b xxu||||| |||| 00| 0 eng d
040 _aMACL
_cMACL
041 _aEnglish
082 _a323.44/NEH
100 _aPanikkar, K M
_924922
245 _aThe Voice of Freedom
_bselected speeches of Pandit Motilal Nehru
260 _bAsia Publishing House
_c1961
650 _aPolitical Science
_988
942 _cBK
_k323.44/NEH
_2ddc
999 _c35454
_d35454